Benedicto XVI. Un retrato.
Gespeichert in:
| 1. Verfasser: | |
|---|---|
| Weitere Verfasser: | |
| Format: | Buch |
| Sprache: | Englisch |
| Veröffentlicht: |
Barcelona, España:
Herder,
2005.
|
| Schlagworte: | |
| Tags: |
Tag hinzufügen
Keine Tags, Fügen Sie den ersten Tag hinzu!
|
MARC
| LEADER | 00000nam a22000007a 4500 | ||
|---|---|---|---|
| 003 | CL-VaPUC | ||
| 005 | 20230731162653.0 | ||
| 008 | 230726t2005 ||||| |||| 00| 0 eng d | ||
| 999 | |c 441420 |d 441418 | ||
| 020 | |a 84-254-2438-0 | ||
| 040 | |c Pontificia Universidad Católica de Valparaíso | ||
| 082 | |2 22 |a 922.21 FIS 2005 | ||
| 100 | |9 883896 |a Fischer, Heinz-Joachim |e autor | ||
| 245 | |a Benedicto XVI. |b Un retrato. | ||
| 260 | |a Barcelona, España: |b Herder, |c 2005. | ||
| 300 | |a 196 páginas. | ||
| 500 | |a c.1 Donación Sr. Jorge Precht Pizarro. 26-05-23. Biblioteca Teología. | ||
| 583 | |c 20230726 |k Yessy Sthefany Diaz Vidal | ||
| 600 | 0 | |9 859569 |a Benedicto XVI, |d 1927-2022 |q Ratzinger, Joseph Aloisius |v Biografías |x Aspectos religiosos e históricos | |
| 700 | |9 875599 |a Bernet, Roberto H. |e traducción | ||
| 942 | |2 ddc |c BK | ||
| 952 | |0 0 |1 0 |2 ddc |4 0 |6 922_210000000000000_FIS_2005 |7 0 |8 A |9 590971 |a BIBTEO |b BIBTEO |c GEN |d 2023-07-26 |e Donación |i 5658146 |o 922.21 FIS 2005 |p 5658146 |r 2025-01-17 |t 1 |w 2023-07-26 |y BK |k ICR | ||